[Event "4NCL9495 2nd Season"]
[Site "Various Venues"]
[Date "1994.10.01"]
[Round "1.6"]
[White "Connolly, Suzanne"]
[Black "Hunt, Harriet V"]
[Result "0-1"]
[WhiteElo "2035"]
[BlackElo "2265"]
[PlyCount "62"]
[EventDate "1994.10.01"]
[EventType "team-tourn"]
[EventRounds "11"]
[EventCountry "GBR"]
[SourceTitle "BritBase"]
[SourceDate "2020.05.17"]
[SourceVersion "1"]
[SourceVersionDate "2020.05.17"]
[SourceQuality "1"]
[WhiteTeam "Na Fianna"]
[BlackTeam "Midland Monarchs"]
[WhiteTeamCountry "IRL"]
[BlackTeamCountry "ENG"]

1. e4 c6 2. d4 d5 3. e5 Bf5 4. Nc3 e6 5. g4 Bg6 6. Nge2 c5 7. h4 cxd4 8. Nxd4
h5 9. g5 a6 10. Be3 Qc7 11. f4 Bb4 12. Bd2 Ne7 13. Bh3 Nbc6 14. Nb3 Nf5 15.
Bxf5 Bxf5 16. Ne2 Rc8 17. c3 Be7 18. Be3 b5 19. O-O O-O 20. Ng3 Bg4 21. Qd3 g6
22. Rac1 Rfd8 23. Qc2 Qb7 24. Qf2 b4 25. Bd4 bxc3 26. bxc3 Rb8 27. Rc2 Rdc8 28.
Rfc1 Ba3 29. Re1 Qb5 30. Qd2 Qc4 31. Kh2 Nb4 {... illegible, 39 moves} 0-1

[Event "4NCL9495 2nd Season"]
[Site "Various Venues"]
[Date "1994.10.01"]
[Round "1.7"]
[White "Baker, Chris W"]
[Black "O'Siochru, Mairead Maura"]
[Result "1-0"]
[WhiteElo "2260"]
[BlackElo "2045"]
[PlyCount "72"]
[EventDate "1994.10.01"]
[EventType "team-tourn"]
[EventRounds "11"]
[EventCountry "GBR"]
[SourceTitle "BritBase"]
[SourceDate "2020.05.17"]
[SourceVersion "1"]
[SourceVersionDate "2020.05.17"]
[SourceQuality "1"]
[WhiteTeam "Midland Monarchs"]
[BlackTeam "Na Fianna"]
[WhiteTeamCountry "ENG"]
[BlackTeamCountry "IRL"]

1. e4 e5 2. Nf3 d6 3. d4 Nf6 4. Nc3 Nbd7 5. Bc4 Be7 6. O-O O-O 7. a4 b6 8. a5
a6 9. axb6 cxb6 10. Qe2 a5 11. Rd1 Qc7 12. Nb5 Qb8 13. Nh4 Ne8 14. Nf5 Bd8 15.
Ra3 Bb7 16. Rg3 Ndf6 17. dxe5 dxe5 18. Nh6+ Kh8 19. Nxf7+ Rxf7 20. Bxf7 Be7 21.
Bg5 Ba6 22. c4 Bxb5 23. cxb5 Nd6 24. Bd5 Ra7 25. Bc6 Nde8 26. Qc4 Bc5 27. Bxf6
Nxf6 28. Rgd3 Bd4 29. Rxd4 exd4 30. Qxd4 h6 31. e5 Ng8 32. Qd8 Qxd8 33. Rxd8
Kh7 34. Be4+ g6 35. Rd6 Ne7 36. h4 Rc7 1-0

[Event "4NCL9495 2nd Season"]
[Site "Various Venues"]
[Date "1994.10.01"]
[Round "1.1"]
[White "Summerscale, Aaron"]
[Black "Quillan, Gary"]
[Result "0-1"]
[WhiteElo "2435"]
[BlackElo "2305"]
[PlyCount "82"]
[EventDate "1994.10.01"]
[EventType "team-tourn"]
[EventRounds "11"]
[EventCountry "GBR"]
[SourceTitle "BritBase"]
[SourceDate "2020.05.17"]
[SourceVersion "1"]
[SourceVersionDate "2020.05.17"]
[SourceQuality "1"]
[WhiteTeam "Slough"]
[BlackTeam "North West Eagles"]
[WhiteTeamCountry "ENG"]
[BlackTeamCountry "ENG"]

1. d4 c5 2. d5 Nf6 3. c4 e6 4. Nc3 exd5 5. cxd5 d6 6. Nf3 g6 7. g3 Bg7 8. Bg2
O-O 9. O-O Re8 10. Nd2 a6 11. a4 Nbd7 12. h3 Rb8 13. Nc4 Ne5 14. Na3 Nh5 15. e4
Bd7 16. a5 Qxa5 17. g4 Nf6 18. g5 Nh5 19. f4 b5 20. fxe5 Bxe5 21. Nc2 Qb6 22.
Be3 a5 23. Rb1 Re7 24. Ne2 b4 25. Nf4 Ng3 26. Re1 Rbe8 27. Nd3 Bg7 28. Nf2 a4
29. Bf3 Qa6 30. Kg2 Nh5 31. Bxh5 gxh5 32. Qxh5 Qc4 33. Qe2 Rxe4 34. Nxe4 Qxe4+
35. Kg1 Bxh3 36. Qf2 b3 37. Na3 Qg4+ 38. Kh1 Qh5 39. Kg1 Re4 40. Bf4 Bd4 41.
Rxe4 Qg4+ 0-1

[Event "4NCL9495 2nd Season"]
[Site "Various Venues"]
[Date "1994.10.01"]
[Round "1.2"]
[White "Littlewood, John Eric"]
[Black "Agnos, Demetrios"]
[Result "1-0"]
[WhiteElo "2310"]
[BlackElo "2445"]
[PlyCount "113"]
[EventDate "1994.10.01"]
[EventType "team-tourn"]
[EventRounds "11"]
[EventCountry "GBR"]
[SourceTitle "BritBase"]
[SourceDate "2020.05.17"]
[SourceVersion "1"]
[SourceVersionDate "2020.05.17"]
[SourceQuality "1"]
[WhiteTeam "North West Eagles"]
[BlackTeam "Slough"]
[WhiteTeamCountry "ENG"]
[BlackTeamCountry "ENG"]

1. f4 d5 2. Nf3 Nf6 3. g3 Bf5 4. Bg2 e6 5. O-O h6 6. d3 Nbd7 7. Nc3 c6 8. Qe1
Qb6+ 9. Kh1 O-O-O 10. e4 Bg6 11. Be3 Qa6 12. e5 Ne8 13. a3 c5 14. Bg1 Nc7 15.
b4 c4 16. dxc4 dxc4 17. Nd4 Nb6 18. f5 Bxf5 19. Rxf5 Rxd4 20. Rxf7 Rd7 21.
Rxf8+ Rxf8 22. Ne4 Nbd5 23. Nc5 Qc6 24. a4 a6 25. b5 axb5 26. axb5 Qxb5 27. Rb1
Qc6 28. Rxb7 Rdf7 29. Qa5 Rf3 30. Qa7 Kd8 31. Nxe6+ Qxe6 32. Rb8+ Kd7 33. Qa4+
Qc6 34. Bh3+ R3f5 35. Bxf5+ Rxf5 36. Rd8+ Kxd8 37. Qxc6 c3 38. e6 Kc8 39. Qd7+
Kb7 40. Qxg7 Rf6 41. e7 Re6 42. Bc5 Kc6 43. Ba3 Kd7 44. h4 Ne8 45. Qd4 Nef6 46.
Qa4+ Kc7 47. Qa7+ Kc8 48. Bc5 Nc7 49. Bb6 Ncd5 50. Qa8+ Kd7 51. Qd8+ Kc6 52.
Bd4 h5 53. Qc8+ Kd6 54. Bc5+ Ke5 55. Qb8+ Ke4 56. Kg2 Kf5 57. Qc8 1-0

[Event "4NCL9495 2nd Season"]
[Site "Various Venues"]
[Date "1994.10.01"]
[Round "1.3"]
[White "Cummings, David H"]
[Black "Lund, D Brett"]
[Result "1-0"]
[WhiteElo "2375"]
[BlackElo "2280"]
[PlyCount "71"]
[EventDate "1994.10.01"]
[EventType "team-tourn"]
[EventRounds "11"]
[EventCountry "GBR"]
[SourceTitle "BritBase"]
[SourceDate "2020.05.17"]
[SourceVersion "1"]
[SourceVersionDate "2020.05.17"]
[SourceQuality "1"]
[WhiteTeam "Slough"]
[BlackTeam "North West Eagles"]
[WhiteTeamCountry "ENG"]
[BlackTeamCountry "ENG"]

1. d4 f5 2. Bg5 d6 3. e4 fxe4 4. Nc3 Nf6 5. f3 e3 6. Bxe3 Nc6 7. Qd2 e6 8.
O-O-O Be7 9. h4 Nd5 10. Nxd5 exd5 11. Ne2 Be6 12. Nf4 Bf7 13. Bd3 g6 14. h5 g5
15. Ng6 hxg6 16. hxg6 Rxh1 17. gxf7+ Kxf7 18. Rxh1 Qg8 19. Rh7+ Kf8 20. g4 Re8
21. Qh2 Bf6 22. Qh6+ Bg7 23. Qxg5 Re6 24. c3 Ne7 25. Kd2 Qf7 26. f4 b6 27. f5
Rf6 28. Qh4 c5 29. Bg5 Ng8 30. Bxf6 Nxf6 31. g5 Nxh7 32. Qxh7 c4 33. Bc2 Qe7
34. f6 Bxf6 35. gxf6 Qxf6 36. Qf5 1-0

[Event "4NCL9495 2nd Season"]
[Site "Various Venues"]
[Date "1994.10.01"]
[Round "1.4"]
[White "Merriman, John"]
[Black "Webb, Richard M"]
[Result "1-0"]
[WhiteElo "2280"]
[BlackElo "2320"]
[PlyCount "101"]
[EventDate "1994.10.01"]
[EventType "team-tourn"]
[EventRounds "11"]
[EventCountry "GBR"]
[SourceTitle "BritBase"]
[SourceDate "2020.05.17"]
[SourceVersion "1"]
[SourceVersionDate "2020.05.17"]
[SourceQuality "1"]
[WhiteTeam "North West Eagles"]
[BlackTeam "Slough"]
[WhiteTeamCountry "ENG"]
[BlackTeamCountry "ENG"]

1. d4 Nf6 2. c4 g6 3. Nc3 d5 4. cxd5 Nxd5 5. g3 Bg7 6. Bg2 Nxc3 7. bxc3 c5 8.
e3 Qa5 9. Bd2 O-O 10. Ne2 Nd7 11. O-O Rb8 12. e4 b5 13. Qc2 Ba6 14. Rfe1 cxd4
15. cxd4 b4 16. e5 Rfc8 17. Qb2 Qa4 18. Qb3 Bb5 19. Nf4 Rc4 20. Qe3 e6 21. Nd3
Rc2 22. Nxb4 Rb2 23. Qc3 Rxd2 24. Qxd2 Nb6 25. a3 a5 26. Na2 Nc4 27. Qc1 Qxa3
28. Bf1 Qxc1 29. Raxc1 Nd2 30. Be2 Bxe2 31. Rxe2 Nf3+ 32. Kg2 Nxd4 33. Re4 Nf5
34. Nc3 h5 35. Ra1 Rc8 36. Nb5 Rc5 37. Rxa5 Rxe5 38. Rxe5 Bxe5 39. Na3 Bf6 40.
Nc4 Kg7 41. h3 Bd4 42. Rb5 Kf8 43. Rb8+ Kg7 44. Rb7 Kf8 45. Kf3 Ne7 46. g4
hxg4+ 47. hxg4 g5 48. Nd6 f5 49. gxf5 exf5 50. Rxe7 g4+ 51. Ke2 1-0

[Event "4NCL9495 2nd Season"]
[Site "Various Venues"]
[Date "1994.10.01"]
[Round "1.5"]
[White "Richardson, John R"]
[Black "Tebb, David"]
[Result "0-1"]
[WhiteElo "2290"]
[BlackElo "2305"]
[PlyCount "98"]
[EventDate "1994.10.01"]
[EventType "team-tourn"]
[EventRounds "11"]
[EventCountry "GBR"]
[SourceTitle "BritBase"]
[SourceDate "2020.05.17"]
[SourceVersion "1"]
[SourceVersionDate "2020.05.17"]
[SourceQuality "1"]
[WhiteTeam "Slough"]
[BlackTeam "North West Eagles"]
[WhiteTeamCountry "ENG"]
[BlackTeamCountry "ENG"]

1. d4 Nf6 2. c4 g6 3. Nf3 Bg7 4. g3 O-O 5. Bg2 d6 6. O-O Nbd7 7. Nc3 e5 8. e4
exd4 9. Nxd4 Re8 10. Re1 a6 11. h3 Rb8 12. Bf4 Ne5 13. b3 c5 14. Nf3 Nfd7 15.
Rc1 Nxf3+ 16. Qxf3 Ne5 17. Qe3 b5 18. cxb5 axb5 19. Bh6 Bxh6 20. Qxh6 Nd3 21.
Red1 Nxc1 22. Qxc1 b4 23. Nd5 Bb7 24. Ne3 Qe7 25. Ng4 h5 26. Ne3 Rbd8 27. Nc4
Bxe4 28. Re1 d5 29. Nd2 Qf8 30. Nxe4 dxe4 31. Bxe4 f5 32. Bf3 Rxe1+ 33. Qxe1
Qd6 34. Kg2 Kg7 35. h4 f4 36. Qe4 fxg3 37. fxg3 Qd2+ 38. Kh3 Qd7+ 39. Kg2 Qe8
40. Qf4 Qe7 41. Kf2 Qd6 42. Qe4 Qd4+ 43. Qxd4+ Rxd4 44. Ke3 Kf6 45. Be4 Rd1 46.
Bd3 Rg1 47. Ke4 Rxg3 48. Bc4 g5 49. hxg5+ Rxg5 0-1

[Event "4NCL9495 2nd Season"]
[Site "Various Venues"]
[Date "1994.10.01"]
[Round "1.6"]
[White "House, Glenn L"]
[Black "Houska, Miroslav"]
[Result "1-0"]
[WhiteElo "2240"]
[BlackElo "2245"]
[PlyCount "113"]
[EventDate "1994.10.01"]
[EventType "team-tourn"]
[EventRounds "11"]
[EventCountry "GBR"]
[SourceTitle "BritBase"]
[SourceDate "2020.05.17"]
[SourceVersion "1"]
[SourceVersionDate "2020.05.17"]
[SourceQuality "1"]
[WhiteTeam "North West Eagles"]
[BlackTeam "Slough"]
[WhiteTeamCountry "ENG"]
[BlackTeamCountry "ENG"]

1. e4 c5 2. Nf3 Nc6 3. d4 cxd4 4. Nxd4 e5 5. Nb5 d6 6. c4 Be7 7. N1c3 a6 8. Na3
Be6 9. Bd3 Bg5 10. O-O h6 11. Nc2 Nge7 12. Nd5 O-O 13. Kh1 Ng6 14. Be3 Bxe3 15.
fxe3 Rc8 16. Qh5 Na5 17. b3 Qg5 18. Qxg5 hxg5 19. Rac1 f6 20. Be2 Kf7 21. Bh5
Nc6 22. Ncb4 Nxb4 23. Nxb4 Rh8 24. g4 Rh6 25. Nd5 Ke8 26. Nxf6+ gxf6 27. Rxf6
Bf7 28. Rcf1 Rc7 29. Rxd6 Ke7 30. Rff6 Rd7 31. Rxd7+ Kxf6 32. Rxb7 Nh8 33. c5
Bxh5 34. gxh5 Nf7 35. b4 Rxh5 36. Rb6+ Ke7 37. Rxa6 Rh4 38. b5 Rxe4 39. Ra7+
Ke6 40. c6 Nd6 41. b6 Rb4 42. b7 Nxb7 43. cxb7 Kd6 44. a4 Kc7 45. Kg2 g4 46.
Ra5 Rxb7 47. Rxe5 Rb4 48. a5 Kd6 49. Rf5 Rb3 50. Kf2 Ke6 51. Rh5 Kf6 52. a6 Ra3
53. Rh8 Ra2+ 54. Kg3 Kg7 55. Ra8 Ra3 56. Kf4 Ra4+ 57. e4 1-0

[Event "4NCL9495 2nd Season"]
[Site "Various Venues"]
[Date "1994.10.01"]
[Round "1.7"]
[White "Smith, Andrew Philip"]
[Black "Smith, Alan A"]
[Result "1-0"]
[WhiteElo "2280"]
[BlackElo "2260"]
[PlyCount "127"]
[EventDate "1994.10.01"]
[EventType "team-tourn"]
[EventRounds "11"]
[EventCountry "GBR"]
[SourceTitle "BritBase"]
[SourceDate "2020.05.17"]
[SourceVersion "1"]
[SourceVersionDate "2020.05.17"]
[SourceQuality "1"]
[WhiteTeam "Slough"]
[BlackTeam "North West Eagles"]
[WhiteTeamCountry "ENG"]
[BlackTeamCountry "ENG"]

1. e4 Nf6 2. Nc3 e5 3. d4 exd4 4. Qxd4 Nc6 5. Qe3 Be7 6. Bd2 O-O 7. O-O-O d5 8.
exd5 Nxd5 9. Qg3 Bd6 10. f4 Nf6 11. Nb5 Ne4 12. Qf3 Nxd2 13. Rxd2 Re8 14. Nxd6
cxd6 15. Bc4 Re1+ 16. Rd1 Rxd1+ 17. Qxd1 Qf6 18. Qd2 Bf5 19. Nf3 h6 20. Re1 Rc8
21. Bb3 a5 22. Kb1 b5 23. a3 Bg4 24. Re3 Bxf3 25. Rxf3 a4 26. Ba2 Nd4 27. Rd3
Nxc2 28. Rxd6 Qf5 29. g4 Qe4 30. Bd5 Qe7 31. Bc6 Ne3 32. Bxb5 Rb8 33. Bd3 Nxg4
34. Ka1 Nf6 35. Bb1 Qc7 36. Qd3 Kf8 37. Rd4 Ra8 38. Qd2 Qc8 39. Qd3 Qc7 40. Qd2
Qc8 41. Qb4+ Kg8 42. Qe7 Qb8 43. Ba2 Qf8 44. Qxf8+ Kxf8 45. Bb1 Ra7 46. Bc2 Ng4
47. h3 Nf2 48. h4 Ke7 49. Bxa4 Rc7 50. Kb1 Ng4 51. Bc2 Kf6 52. a4 Ne3 53. Bd3
h5 54. a5 Ng2 55. a6 Nxh4 56. Ra4 Ra7 57. b4 Nf3 58. b5 h4 59. b6 h3 60. bxa7
h2 61. a8=Q h1=Q+ 62. Ka2 g6 63. Qc6+ Kg7 64. Qc3+ 1-0

[Event "4NCL9495 2nd Season"]
[Site "Various Venues"]
[Date "1994.10.01"]
[Round "1.1"]
[White "Littlewood, Paul E"]
[Black "Ansell, Simon"]
[Result "1/2-1/2"]
[WhiteElo "2445"]
[BlackElo "2320"]
[PlyCount "73"]
[EventDate "1994.10.01"]
[EventType "team-tourn"]
[EventRounds "11"]
[EventCountry "GBR"]
[SourceTitle "BritBase"]
[SourceDate "2020.05.17"]
[SourceVersion "1"]
[SourceVersionDate "2020.05.17"]
[SourceQuality "1"]
[WhiteTeam "Wood Green"]
[BlackTeam "Witney"]
[WhiteTeamCountry "ENG"]
[BlackTeamCountry "ENG"]

1. d4 Nf6 2. c4 c5 3. d5 b5 4. cxb5 a6 5. bxa6 Bxa6 6. Nc3 g6 7. Nf3 Bg7 8. g3
d6 9. Bg2 Nbd7 10. O-O O-O 11. Qc2 Qb8 12. Rd1 Qb7 13. Rb1 Bc4 14. b3 Bxd5 15.
Nxd5 Nxd5 16. Ng5 e6 17. a3 h6 18. Nh3 Ra6 19. Nf4 N7b6 20. Qd3 Rc8 21. Qb5 Rb8
22. Nxd5 Nxd5 23. Qc4 Rb6 24. Rd3 h5 25. Bf4 Qa6 26. Bxd5 exd5 27. Qxa6 Rxa6
28. Rxd5 c4 29. b4 Rxa3 30. Rxd6 Rb3 31. Rc1 R8xb4 32. Rd8+ Kh7 33. Rd7 Rb1 34.
Kg2 Rxc1 35. Bxc1 Kg8 36. Rd8+ Kh7 37. Rd7 1/2-1/2

[Event "4NCL9495 2nd Season"]
[Site "Various Venues"]
[Date "1994.10.01"]
[Round "1.2"]
[White "Cobb, James"]
[Black "Pein, Malcolm"]
[Result "0-1"]
[WhiteElo "2265"]
[BlackElo "2415"]
[PlyCount "80"]
[EventDate "1994.10.01"]
[EventType "team-tourn"]
[EventRounds "11"]
[EventCountry "GBR"]
[SourceTitle "BritBase"]
[SourceDate "2020.05.17"]
[SourceVersion "1"]
[SourceVersionDate "2020.05.17"]
[SourceQuality "1"]
[WhiteTeam "Witney"]
[BlackTeam "Wood Green"]
[WhiteTeamCountry "ENG"]
[BlackTeamCountry "ENG"]

1. e4 e5 2. Nf3 Nc6 3. Bb5 a6 4. Ba4 Nf6 5. O-O Be7 6. Re1 b5 7. Bb3 O-O 8. a4
Bb7 9. d3 d6 10. Nc3 Na5 11. Ba2 b4 12. Ne2 Rb8 13. Ng3 c5 14. Bd2 Bc8 15. h3
Ne8 16. Nf5 Bxf5 17. exf5 Qd7 18. g4 Bd8 19. c3 Bb6 20. Ng5 Kh8 21. Qf3 b3 22.
Bb1 Nc6 23. d4 cxd4 24. Bd3 h6 25. h4 d5 26. Bxa6 e4 27. Qg2 Nf6 28. Bb5 Qd6
29. Nh3 Ne5 30. Bf4 dxc3 31. bxc3 Bc7 32. Be2 Nfd7 33. g5 f6 34. gxh6 gxh6 35.
Kh1 Rg8 36. Qh2 Qc5 37. Rg1 b2 38. Rab1 Qxc3 39. Ng5 Rg7 40. Rg3 Qc2 0-1

[Event "4NCL9495 2nd Season"]
[Site "Various Venues"]
[Date "1994.10.01"]
[Round "1.3"]
[White "Martin, Benjamin"]
[Black "Brooks, Phil J"]
[Result "1/2-1/2"]
[WhiteElo "2355"]
[BlackElo "2240"]
[PlyCount "58"]
[EventDate "1994.10.01"]
[EventType "team-tourn"]
[EventRounds "11"]
[EventCountry "GBR"]
[SourceTitle "BritBase"]
[SourceDate "2020.05.17"]
[SourceVersion "1"]
[SourceVersionDate "2020.05.17"]
[SourceQuality "1"]
[WhiteTeam "Wood Green"]
[BlackTeam "Witney"]
[WhiteTeamCountry "ENG"]
[BlackTeamCountry "ENG"]

1. e4 c5 2. Nf3 e6 3. d4 cxd4 4. Nxd4 a6 5. Bd3 Nc6 6. Nxc6 dxc6 7. Be3 e5 8.
Nd2 Bd6 9. a4 Be6 10. O-O Nf6 11. f3 O-O 12. Bc4 Qe7 13. Bxe6 Qxe6 14. Qe2 Nd7
15. Qc4 Qe7 16. Rfd1 Rfd8 17. Nb3 Nf8 18. Rd3 Bc7 19. Rad1 Rxd3 20. Rxd3 Rd8
21. Nc5 Rxd3 22. Nxd3 Ne6 23. Qc3 Qd6 24. Kf2 b5 25. Qb4 Qd8 26. Qc3 Qd6 27.
axb5 axb5 28. Qb4 Qd8 29. Qc3 Qd6 1/2-1/2

[Event "4NCL9495 2nd Season"]
[Site "Various Venues"]
[Date "1994.10.01"]
[Round "1.5"]
[White "Sowray, Peter John"]
[Black "Haydon, Richard"]
[Result "1-0"]
[WhiteElo "2325"]
[BlackElo "2190"]
[PlyCount "83"]
[EventDate "1994.10.01"]
[EventType "team-tourn"]
[EventRounds "11"]
[EventCountry "GBR"]
[SourceTitle "BritBase"]
[SourceDate "2020.05.17"]
[SourceVersion "1"]
[SourceVersionDate "2020.05.17"]
[SourceQuality "1"]
[WhiteTeam "Wood Green"]
[BlackTeam "Witney"]
[WhiteTeamCountry "ENG"]
[BlackTeamCountry "ENG"]

1. c4 g6 2. g3 Bg7 3. Bg2 Nf6 4. Nc3 O-O 5. d3 d6 6. e3 e5 7. Nge2 c6 8. O-O
Re8 9. b3 a5 10. Bb2 Na6 11. Rc1 Bf5 12. Ne4 d5 13. cxd5 cxd5 14. Nxf6+ Bxf6
15. a3 Bg7 16. Qd2 Be6 17. d4 e4 18. Nf4 Bf8 19. f3 exf3 20. Bxf3 Bh6 21. Qg2
Bxf4 22. exf4 Qd6 23. Rfe1 Rad8 24. Re5 f6 25. Re3 Bf7 26. Rce1 Rxe3 27. Rxe3
Nc7 28. Qc2 Ne6 29. Bg2 Qb6 30. Qc3 Rd7 31. Qc8+ Rd8 32. Qc3 Rd7 33. Qd3 Ng7
34. Bh3 f5 35. Bg2 Nh5 36. Bf1 Nf6 37. Qb5 Qxb5 38. Bxb5 Rc7 39. Rc3 Rxc3 40.
Bxc3 b6 41. b4 Ne4 42. bxa5 1-0

[Event "4NCL9495 2nd Season"]
[Site "Various Venues"]
[Date "1994.10.01"]
[Round "1.6"]
[White "Headlong, Timothy"]
[Black "Lee, Graham D"]
[Result "0-1"]
[WhiteElo "2195"]
[BlackElo "2350"]
[PlyCount "96"]
[EventDate "1994.10.01"]
[EventType "team-tourn"]
[EventRounds "11"]
[EventCountry "GBR"]
[SourceTitle "BritBase"]
[SourceDate "2020.05.17"]
[SourceVersion "1"]
[SourceVersionDate "2020.05.17"]
[SourceQuality "1"]
[WhiteTeam "Witney"]
[BlackTeam "Wood Green"]
[WhiteTeamCountry "ENG"]
[BlackTeamCountry "ENG"]

1. Nf3 Nf6 2. c4 c5 3. Nc3 b6 4. g3 Bb7 5. Bg2 e6 6. O-O Be7 7. d4 cxd4 8. Qxd4
d6 9. e4 O-O 10. Rd1 Nc6 11. Qe3 Qc7 12. b3 a6 13. Bb2 Ne5 14. Nd4 Rfe8 15.
Rac1 Ned7 16. h3 Bf8 17. Qd2 Rac8 18. Re1 Qb8 19. Kh2 Nc5 20. Re2 Qa8 21. Rce1
Rcd8 22. Qc2 g6 23. b4 Ncd7 24. Qb3 Rc8 25. Nb1 Rc7 26. Nd2 Bh6 27. Nb1 Rec8
28. Na3 Bg7 29. Ndc2 Ne5 30. Bxe5 dxe5 31. Qe3 b5 32. c5 Rd7 33. Rd2 Rxd2 34.
Qxd2 Bxe4 35. Bxe4 Nxe4 36. Qe3 Nf6 37. Rd1 Nd5 38. Qb3 e4 39. Ne3 Rd8 40. Nac2
Nc3 41. Rxd8+ Qxd8 42. Kg2 Qd2 43. Nf1 Qe2 44. Nh2 Nd1 45. Ng4 h5 46. Nce3 Qf3+
47. Kg1 Nc3 48. Nh2 Ne2+ 0-1

[Event "4NCL9495 2nd Season"]
[Site "Various Venues"]
[Date "1994.10.02"]
[Round "2.1"]
[White "Beaumont, Chris"]
[Black "Chandler, Murray G"]
[Result "0-1"]
[WhiteElo "2350"]
[BlackElo "2535"]
[PlyCount "80"]
[EventDate "1994.10.01"]
[EventType "team-tourn"]
[EventRounds "11"]
[EventCountry "GBR"]
[SourceTitle "BritBase"]
[SourceDate "2020.05.17"]
[SourceVersion "1"]
[SourceVersionDate "2020.05.17"]
[SourceQuality "1"]
[WhiteTeam "Bristol"]
[BlackTeam "BCM"]
[WhiteTeamCountry "ENG"]
[BlackTeamCountry "ENG"]

1. Nf3 c5 2. c4 Nc6 3. Nc3 Nf6 4. g3 e5 5. Bg2 Be7 6. O-O O-O 7. d3 d6 8. a3 h6
9. Rb1 a5 10. Ne1 Be6 11. Nd5 Ra7 12. Nc2 a4 13. b4 axb3 14. Rxb3 Nxd5 15. cxd5
Na5 16. dxe6 Nxb3 17. exf7+ Kh8 18. Bd5 Nxc1 19. Qxc1 Bf6 20. Ne3 Qd7 21. f4
exf4 22. Rxf4 Bg5 23. Rf3 Qa4 24. h4 Qxa3 25. Qxa3 Bxe3+ 26. Rxe3 Rxa3 27. Bxb7
g6 28. Bd5 Kg7 29. Re7 Kf6 30. Re6+ Kxf7 31. Rxd6+ Kg7 32. Rd7+ Kf6 33. Be4 c4
34. Rd6+ Ke5 35. Rd5+ Ke6 36. dxc4 Rxg3+ 37. Bg2 Rf4 38. Kh2 Re3 39. Bh3+ Ke7
40. Rd7+ Ke8 0-1

[Event "4NCL9495 2nd Season"]
[Site "Various Venues"]
[Date "1994.10.02"]
[Round "2.2"]
[White "Mestel, A Jonathan"]
[Black "Wall, Gavin"]
[Result "1/2-1/2"]
[WhiteElo "2520"]
[BlackElo "2275"]
[PlyCount "51"]
[EventDate "1994.10.01"]
[EventType "team-tourn"]
[EventRounds "11"]
[EventCountry "GBR"]
[SourceTitle "BritBase"]
[SourceDate "2020.05.17"]
[SourceVersion "1"]
[SourceVersionDate "2020.05.17"]
[SourceQuality "1"]
[WhiteTeam "BCM"]
[BlackTeam "Bristol"]
[WhiteTeamCountry "ENG"]
[BlackTeamCountry "ENG"]

1. e4 e5 2. Nf3 Nc6 3. Bb5 a6 4. Ba4 d6 5. O-O Nge7 6. c3 g6 7. d4 Bd7 8. d5
Nb8 9. c4 Bg7 10. Nc3 O-O 11. b4 h6 12. c5 f5 13. Nd2 Nc8 14. Bb3 Kh7 15. Nc4
f4 16. f3 g5 17. Na5 Ra7 18. Ba4 dxc5 19. Bxd7 Nxd7 20. bxc5 c6 21. Nb3 Rg8 22.
Ba3 Bf8 23. g4 fxg3 24. hxg3 h5 25. Qd3 Ne7 26. Rf2 1/2-1/2

[Event "4NCL9495 2nd Season"]
[Site "Various Venues"]
[Date "1994.10.02"]
[Round "2.3"]
[White "Phillips, Roy Jean Noel"]
[Black "Bellin, Robert"]
[Result "1/2-1/2"]
[WhiteElo "2130"]
[BlackElo "2400"]
[PlyCount "39"]
[EventDate "1994.10.01"]
[EventType "team-tourn"]
[EventRounds "11"]
[EventCountry "GBR"]
[SourceTitle "BritBase"]
[SourceDate "2020.05.17"]
[SourceVersion "1"]
[SourceVersionDate "2020.05.17"]
[SourceQuality "1"]
[WhiteTeam "Bristol"]
[BlackTeam "BCM"]
[WhiteTeamCountry "ENG"]
[BlackTeamCountry "ENG"]

1. e4 e5 2. Nf3 Nc6 3. Bc4 Nf6 4. d3 Be7 5. O-O O-O 6. c3 d6 7. Nbd2 Na5 8. Bb5
a6 9. Ba4 b5 10. Bc2 c5 11. Qe2 Re8 12. Re1 Bf8 13. a3 Nc6 14. Nf1 h6 15. h3
Ne7 16. Ng3 Ng6 17. Nh2 d5 18. exd5 Qxd5 19. Ne4 Nxe4 20. dxe4 1/2-1/2

[Event "4NCL9495 2nd Season"]
[Site "Various Venues"]
[Date "1994.10.02"]
[Round "2.4"]
[White "Cafferty, Bernard"]
[Black "Rudd, Jack"]
[Result "1-0"]
[WhiteElo "2290"]
[BlackElo "2250"]
[PlyCount "65"]
[EventDate "1994.10.01"]
[EventType "team-tourn"]
[EventRounds "11"]
[EventCountry "GBR"]
[SourceTitle "BritBase"]
[SourceDate "2020.05.17"]
[SourceVersion "1"]
[SourceVersionDate "2020.05.17"]
[SourceQuality "1"]
[WhiteTeam "BCM"]
[BlackTeam "Bristol"]
[WhiteTeamCountry "ENG"]
[BlackTeamCountry "ENG"]

1. Nf3 Nf6 2. g3 g6 3. b3 b6 4. Bb2 Bg7 5. Bg2 Bb7 6. O-O O-O 7. c4 c5 8. Nc3
Nc6 9. d4 cxd4 10. Nxd4 Rc8 11. Rc1 d6 12. Qd2 Qd7 13. Nc2 Ne5 14. Nb4 Bxg2 15.
Kxg2 Rfd8 16. Rfd1 Neg4 17. Nbd5 e6 18. Nxf6+ Nxf6 19. e4 Qb7 20. f3 Rd7 21.
Qe2 Rcd8 22. Rd3 d5 23. cxd5 exd5 24. e5 Re7 25. Nb5 Ne8 26. f4 f6 27. Ba3 Re6
28. Nd4 Qd7 29. Qg4 Kf7 30. Rdc3 fxe5 31. Nxe6 Qxe6 32. Rc7+ Kf6 33. Qg5# {
Source: Cafferty scoresheet} 1-0

[Event "4NCL9495 2nd Season"]
[Site "Various Venues"]
[Date "1994.10.02"]
[Round "2.5"]
[White "Helbig, Paul"]
[Black "Wade, Robert Graham"]
[Result "0-1"]
[WhiteElo "2210"]
[BlackElo "2295"]
[PlyCount "64"]
[EventDate "1994.10.01"]
[EventType "team-tourn"]
[EventRounds "11"]
[EventCountry "GBR"]
[SourceTitle "BritBase"]
[SourceDate "2020.05.17"]
[SourceVersion "1"]
[SourceVersionDate "2020.05.17"]
[SourceQuality "1"]
[WhiteTeam "Bristol"]
[BlackTeam "BCM"]
[WhiteTeamCountry "ENG"]
[BlackTeamCountry "ENG"]

1. e4 c6 2. c4 e5 3. Nf3 d6 4. d4 Qc7 5. Nc3 Bg4 6. Be2 Nf6 7. Be3 Be7 8. O-O
O-O 9. Nd2 Bxe2 10. Qxe2 Nbd7 11. f4 a6 12. fxe5 dxe5 13. d5 b5 14. dxc6 Qxc6
15. cxb5 axb5 16. Qxb5 Qxb5 17. Nxb5 Ng4 18. Ba7 Rxa7 19. Nxa7 Bc5+ 20. Kh1
Bxa7 21. g3 Bd4 22. Rab1 Ra8 23. a3 Ndf6 24. Rfe1 Nf2+ 25. Kg2 Nd3 26. Re2 Nxb2
27. Nf3 Nc4 28. Nxd4 exd4 29. Rb4 d3 30. Re1 d2 31. Reb1 d1=Q 32. Rb8+ Qd8 0-1